000 04063nas a22003017a 4500
003 NALT
005 20240523154043.0
006 a|||p|r|||| 00| 0
007 ta
008 240523b th |||p| |||| 00| 0 tha d
022 _a08579776
040 _aNALT
041 _atha
245 0 0 _aกฎหมายสุโขทัยธรรมาธิราช ปีที่ 24 ฉบับที่ 1-2 (มิ.ย.-ธ.ค. 2555)
260 _aพี.เอ.ลีฟวิ่ง จำกัด
310 _aราย 6 เดือน
500 _aวารสารเย็บเล่ม
505 2 _aปีที่ 24 ฉบับที่ 1 มิ.ย. 2555 -- การวิเคราะห์และเปรียบเทียบสาระสำคัญของข้อบทความตกลงทางด้านการลงทุน -- Concept of Intellectual Property Rights and the Protection of Traditional Medicines Derived from Plants -- ความสับสนุนของการใช้คำในกฎหมาย 1) "โมฆะ" "โมฆียะ" "ไม่สมบูรณ์" "ไม่บริบูรณ์" และ "ไม่ผูกพัน" -- การลงลายลายมือชื่อมีความสำคัญในทางกฎหมายอย่างไร -- ความยุติธรรมคืออะไร? -- Problems and Solutions of Orphan Works in Digital Access -- นวัตกรรมการสื่อสารเพื่อการพัฒนาสังคมกับกฎหมาย และจริยธรรมสื่อสารมวลชน -- พระราชบัญญัติกองทุนการออมแห่งชาติ พ.ศ. 2554 -- พระราชบัญญัติป้องกันและ ปราบปรามการค้ามนุษย์ พ.ศ. 2551 -- คำพิพากษาฎีกาที่ 10143/2551.
_aปีที่ 24 ฉบับที่ 2 ธ.ค. 2555 -- ความสับสนของการใช้คำในกฎหมาย : "ไม่สมบูรณ์" "ไม่บริบูรณ์" -- มารู้จักกับ พ.ร.บ.ความรับผิดทางละเมิดของเจ้าหน้าที่ พ.ศ. 2539 กันเถอะ -- การคุ้มครองภูมิปัญญาท้องถิ่นภายใต้กรอบความตกลงระหว่างประเทศ -- กระบวนการตรากฎหมายสิทธิบัตรในการบังคับใช้สิทธิโดยรัฐ : การพัฒนากฎหมายของประเทศไทย -- กฎหมายป้องกันฟิชชิ่ง : เปรียบเทียบกฎหมายของประเทศสหรัฐอเมริกาและประเทศไทย -- กฎหมายการแข่งขันกับการเข้าสู่ประชาคมเศรษฐกิจอาเซียน -- พระราชบัญญัติ วัฒนธรรมแห่งชาติ พ.ศ. 2553 -- พระราชบัญญัติระเบียบข้าราชการกรุงเทพมหานคร และบุคลากรกรุงเทพมหานคร พ.ศ. 2554.
650 0 _aความยุติธรรม
_99366
650 0 _aการปกครองท้องถิ่น
_95739
650 0 _aประชาคมเศรษฐกิจอาเซียน
_92906
850 _aNALT
866 _aปีที่ 24 ฉบับที่ 1 (มิ.ย. 2555)
866 _aปีที่ 24 ฉบับที่ 2 (ธ.ค. 2555)
942 _cBOUND
996 _aaroonthip.c
_bLIBSTF
_c2024-05-23
999 _c105200
_d105200
998 _h179
_j179
_k อรุณทิพย์ จันทร์ดิษฐ์